Texto, terminología y traducción
Uloženo v:
| Hlavní autoři: | , |
|---|---|
| Médium: | Kniha |
| Jazyk: | španělština |
| Vydáno: |
Salamanca
Almar
2002
|
| Edice: | Biblioteca de Traducción
|
| Témata: | |
| Tagy: |
Přidat tag
Žádné tagy, Buďte první, kdo vytvoří štítek k tomuto záznamu!
|
MARC
| LEADER | 00000nam a2200000 a 4500 | ||
|---|---|---|---|
| 001 | UCM7459 | ||
| 003 | CL-VaPUC | ||
| 008 | 021220e20020000SP |||||||||||||||||spa|d | ||
| 082 | 0 | 4 | |a 418.02 |b GAR |2 21 |
| 100 | |a García Palacios, Joaquín |e author |9 473048 | ||
| 700 | 0 | |a Fuentes Morán, María Teresa |e author |9 473049 | |
| 245 | 1 | 0 | |a Texto, terminología y traducción |
| 300 | |a 250 p | ||
| 942 | |c BK | ||
| 945 | |d 20021220 00:00:00 |a cmena | ||
| 260 | |a Salamanca |b Almar |c 2002 | ||
| 650 | 0 | |a Lingüística aplicada |9 313266 | |
| 650 | 0 | |a Traducción e interpretación |9 315998 | |
| 650 | 0 | |a Análisis del discurso |9 256696 | |
| 583 | |a last modification |c 20021220 00:00:00 |k Rodrigo Vera | ||
| 490 | 0 | |a Biblioteca de Traducción | |
| 999 | |c 302250 |d 302248 | ||